000 00676nam a22002177a 4500
003 URS
005 20250828100515.0
008 250327b ||||| |||| 00| 0 eng d
040 _cURS
050 _aHG220.3
_b.G737 2014
100 _911762
_aGreen, Alexander
245 _aAn embarrassment of riches
_bTapping into the world's greatest legacy of wealth
264 _aHoboken, New Jersey
_bWiley
_c©2014
336 _2rdacontent
_atext
337 _2rdamedia
_aunmediated
338 _2rdacarrier
_avolume
650 0 _911763
_aMoney
_xMoral and ethical aspects
650 0 _911764
_aWealth
_xMoral and ethical aspects
650 0 _93610
_aConduct of life
942 _2lcc
_cCR
999 _c85058
_d85056